Представление документа в формате MARC21

Поле Инд. ПП Название Значение
Тип записи a
Библиографический уровень m
001 Контрольный номер RU/IS/BASE/517406481
005 Дата корректировки 20260601111627.5
020 a ISBN 978-5-394-01131-3
080 a Индекс УДК 33
091 a Индекс ББК (DOS) У422.2я7
097 b Оператор *Ир*
100 1_ a Автор Памбухчиянц О.В.
245 10 a Заглавие Технология розничной торговли
b Продолж. заглавия учебник для начального профессионального образования
b Продолж. заглавия в составе учебно-методического комплекса
250 a Основные сведения об издании 9-е изд.
260 a Место издания Москва
b Издательство Дашков и К
c Дата издания 2019
440 _0 a Серия УМК-У
516 8_ a Прим. о типе комп. файла/ данных Текст : электронный
a Прим. о типе комп. файла/ данных Режим доступа: по подписке
a Прим. о типе комп. файла/ данных Дата обращения: 18.07.2022
520 0_ a Аннотация Учебник подготовлен в соответствии с Государственным стандартом начального профессионального образования по профессии «Продавец, контролер-кассир». Рассматриваются основные операции, осуществляемые при розничной продаже товаров и организации товародвижения. Отдельные главы посвящены вопросам защиты прав потребителей и правилам продажи товаров, а также правилам особых видов торговли. Может быть использован практическими работниками розничной торговли, в том числе для подготовки и повышения квалификации обслуживающего персонала розничных торговых предприятий.
535 1_ a Хранилище ЭБС Лань
535 1_ a Хранилище ЭБС Университетская библиотека онлайн
583 a Действие Приписка : УМК
653 0_ a Ключевые слова Ассортимент товаров
a Ключевые слова Государственный контроль
a Ключевые слова Закупки
a Ключевые слова Защита прав потребителей
a Ключевые слова Коммерческая деятельность
a Ключевые слова Магазины
a Ключевые слова Обслуживание покупателей
a Ключевые слова Перевозка грузов
a Ключевые слова Пожарная безопасность
a Ключевые слова Приемка товаров
a Ключевые слова Реклама
a Ключевые слова Розничная торговля
a Ключевые слова Санитарные правила
a Ключевые слова Снабжение
a Ключевые слова Тара
a Ключевые слова Хранение товаров
653 0_ a Ключевые слова СПО
773 18 w Контрольный № источника 9b929dd0d24b464a8157108b9124e9cb
856 40 u URL https://e.lanbook.com/book/229880
u URL https://biblioclub.ru/index.php?page=book&id=116036
901 t Тип документа m
905 b Дата создания записи обработка 18.07.22
c Дата приписки 01.06.26